000 17604cam a2203205 i 4500
999 _c54222
001 htxz3lc7fct31btl
003 LIBRIS
005 20201103133022.0
008 200404s2020 sw |||||||||||000 0|swe|d
020 _a9789188589767
_qinbunden
035 _a(BOKR)9789188589767
035 _a(OCoLC)1157183921
040 _aBOKR
_bswe
_dBtj
_dS
_ei
_erda
041 _aswe
082 0 4 _a338.948506
_223/swe
084 _aBfa-c
_2kssb/8
084 _aV:b
_2kssb/8
100 1 _aKjöller, Hanne,
_d1965-
_4aut
_0https://libris.kb.se/fcrv2hfz3qdhnst#it
245 1 0 _aKris i forskningsfrågan :
_beller: vad fan får vi för pengarna? /
_cHanne Kjöller.
264 1 _aStockholm :
_bFri tanke,
_c2020
300 _a221 sidor
_btabeller
_c22 cm
336 _atext
_btxt
_2rdacontent
337 _aunmediated
_bn
_2rdamedia
338 _avolume
_bnc
_2rdacarrier
520 _aForskning är det bästa som hänt mänskligheten. Miljoner människoliv har räddats genom upptäckter som penicillin, vaccin och insulin. I Kris i forskningsfrågan undersöker Kjöller hur väl skattebetalarnas forskningspengar förvaltas av politiker, myndigheter, lärosäten och forskare själva. Det korta svaret är: inte särskilt väl alls.
650 7 _aForskningspolitik
_0https://id.kb.se/term/sao/Forskningspolitik
_2sao
650 7 _aVetenskap och politik
_0https://id.kb.se/term/sao/Vetenskap%20och%20politik
_2sao
650 7 _aMedicinsk forskning
_0https://id.kb.se/term/sao/Medicinsk%20forskning
_2sao
650 2 _aBiomedical Research
650 2 _aResearch Support as Topic
650 2 _aPolitics
650 0 _aScience and state
650 0 _aScience and state
650 4 _aResearch -- policy -- Sweden
651 2 _aSweden
651 7 _aSverige
_0https://libris.kb.se/97mppvdt327j8rx#it
_2sao
653 _aForskningspolitik
951 s _6651
_aKonungariket Sverige
887 _a{"@id":"htxz3lc7fct31btl","modified":"2020-10-15T12:06:18.104+02:00","checksum":"295971385958"}
_2librisxl
887 _a{"@id":"3g6090061sfp5qh9","modified":"2020-09-23T15:16:29.254+02:00","checksum":"190049493604"}
_2librisxl
887 _a{"@id":"9nhslf0k7q9wmtgh","modified":"2020-10-15T14:16:33.012+02:00","checksum":"200235194417"}
_2librisxl
887 _a{"@id":"cqcprtxn9v7tt713","modified":"2020-08-24T14:16:29.444+02:00","checksum":"203721265837"}
_2librisxl
887 _a{"@id":"4h9nn1tr24mcjnlp","modified":"2020-10-07T12:16:24.337+02:00","checksum":"187296999170"}
_2librisxl
887 _a{"@id":"hvjm3tp6fb4ntmr3","modified":"2020-08-31T09:35:31.91+02:00","checksum":"216291132533"}
_2librisxl
887 _a{"@id":"4h73256029927m04","modified":"2020-09-15T16:16:25.449+02:00","checksum":"180472949433"}
_2librisxl
887 _a{"@id":"6kbx6xv4496jt8gw","modified":"2020-09-30T14:38:07.809+02:00","checksum":"205860155349"}
_2librisxl
887 _a{"@id":"0c3vgnvhx5jqvxff","modified":"2020-09-23T10:16:19.743+02:00","checksum":"171972653291"}
_2librisxl
887 _a{"@id":"7lb09plm5n6qwk32","modified":"2020-09-22T11:16:24.131+02:00","checksum":"215086119883"}
_2librisxl
887 _a{"@id":"x8spncslvf3wxxsw","modified":"2020-07-25T14:16:10.894+02:00","checksum":"219270381042"}
_2librisxl
887 _a{"@id":"s5wfbvbbqmr4hj0f","modified":"2020-09-21T11:20:04.775+02:00","checksum":"209386605102"}
_2librisxl
887 _a{"@id":"9ndlpx8r7812qh39","modified":"2020-10-01T10:37:57.225+02:00","checksum":"215918321788"}
_2librisxl
887 _a{"@id":"jwn8x0pvgjc34rc0","modified":"2020-10-02T13:17:15.499+02:00","checksum":"203011026234"}
_2librisxl
887 _a{"@id":"s51rqsg1q42mt5dd","modified":"2020-10-21T15:41:43.6+02:00","checksum":"210711957575"}
_2librisxl
887 _a{"@id":"8mcwssvz6nr2d71x","modified":"2020-09-21T11:26:24.703+02:00","checksum":"228442578791"}
_2librisxl
887 _a{"@id":"r4wl44s7p2cddw49","modified":"2020-10-01T13:16:24.206+02:00","checksum":"204098400253"}
_2librisxl
887 _a{"@id":"w8tsbhtpt6wnxmpp","modified":"2020-08-12T12:16:30.808+02:00","checksum":"212668256823"}
_2librisxl
887 _a{"@id":"r4w82wxgpd0dhr5h","modified":"2020-09-28T17:16:19.017+02:00","checksum":"197491511494"}
_2librisxl
887 _a{"@id":"w8260vbltgfcr3qg","modified":"2020-10-05T09:53:11.22+02:00","checksum":"208010933574"}
_2librisxl
887 _a{"@id":"lzq615x0j87kp1ps","modified":"2020-09-29T14:31:14.243+02:00","checksum":"211537209239"}
_2librisxl
887 _a{"@id":"5jbt8qpx3z900v1m","modified":"2020-10-08T12:16:19.959+02:00","checksum":"192054362181"}
_2librisxl
887 _a{"@id":"6k9cs62p4tf8flbm","modified":"2020-09-17T13:16:19.72+02:00","checksum":"198956306407"}
_2librisxl
887 _a{"@id":"x9052lh3vfdd0m07","modified":"2020-09-09T13:16:11.451+02:00","checksum":"216142490256"}
_2librisxl
887 _a{"@id":"x90wj5kjvxjf0px4","modified":"2020-09-07T10:19:22.533+02:00","checksum":"219282637906"}
_2librisxl
887 _a{"@id":"2f6vrw220585md8w","modified":"2020-10-01T08:52:40.866+02:00","checksum":"189031424060"}
_2librisxl
887 _a{"@id":"0c2t7zqpxkl30w8w","modified":"2020-09-14T15:17:19.328+02:00","checksum":"173415663155"}
_2librisxl
887 _a{"@id":"6kc58nkz4mbnzl87","modified":"2020-10-02T14:16:24.459+02:00","checksum":"206651913382"}
_2librisxl
887 _a{"@id":"p2tddxtvm8xr298m","modified":"2020-09-30T12:29:38.637+02:00","checksum":"213218618252"}
_2librisxl
887 _a{"@id":"8mc7bqf76khblkg2","modified":"2020-09-15T17:16:18.341+02:00","checksum":"222196717221"}
_2librisxl
887 _a{"@id":"1d3gp8gdzmz31cx3","modified":"2020-10-08T18:32:51.506+02:00","checksum":"168064011248"}
_2librisxl
887 _a{"@id":"s5wtj8t9qkv90gdc","modified":"2020-09-23T12:47:55.155+02:00","checksum":"205478151169"}
_2librisxl
887 _a{"@id":"r40zxkvfphw1pv4z","modified":"2020-10-21T11:16:17.188+02:00","checksum":"201097840861"}
_2librisxl
887 _a{"@id":"m0rgtj8pknhjs0zk","modified":"2020-10-01T12:16:22.041+02:00","checksum":"204931179889"}
_2librisxl
887 _a{"@id":"hvm7rjg7f73p549w","modified":"2020-09-30T16:16:22.638+02:00","checksum":"207530710847"}
_2librisxl
887 _a{"@id":"8md0j9826x0t2t71","modified":"2020-09-30T16:16:23.593+02:00","checksum":"213286983685"}
_2librisxl
887 _a{"@id":"1d6p05p4z4z275cb","modified":"2020-10-08T11:16:31.986+02:00","checksum":"176598722295"}
_2librisxl
887 _a{"@id":"hvl8vdg7ftn5wqwt","modified":"2020-09-22T13:23:34.638+02:00","checksum":"207904105822"}
_2librisxl
887 _a{"@id":"6k92tbgs4896fhk5","modified":"2020-09-23T11:16:21.609+02:00","checksum":"196445594807"}
_2librisxl
887 _a{"@id":"kxnvksxghq94b9nk","modified":"2020-09-18T12:16:15.6+02:00","checksum":"213955713852"}
_2librisxl
887 _a{"@id":"3g5fhkb31r3p844t","modified":"2020-09-10T11:16:20.166+02:00","checksum":"181391076433"}
_2librisxl
887 _a{"@id":"p2q25c79mjw9jwv1","modified":"2020-09-11T15:40:58.558+02:00","checksum":"207472279333"}
_2librisxl
887 _a{"@id":"5j8xhfkc3cj5bbnk","modified":"2020-09-22T13:01:42.849+02:00","checksum":"183424080373"}
_2librisxl
887 _a{"@id":"n1tf11ljl8317hdv","modified":"2020-10-09T10:16:21.864+02:00","checksum":"208516502006"}
_2librisxl
887 _a{"@id":"2f7c2rwg0l9j3th9","modified":"2020-10-05T09:22:45.726+02:00","checksum":"194679089730"}
_2librisxl
887 _a{"@id":"hvn56t9jfsd7wpzc","modified":"2020-10-08T16:16:17.512+02:00","checksum":"205358850935"}
_2librisxl
887 _a{"@id":"kxqb2s6mhjj8nf01","modified":"2020-10-09T11:08:52.041+02:00","checksum":"214032968436"}
_2librisxl
887 _a{"@id":"1d6sfj27zzt5qlmh","modified":"2020-10-09T10:31:41.974+02:00","checksum":"174039829359"}
_2librisxl
887 _a{"@id":"kxqbz190h5kkz6fg","modified":"2020-10-09T10:31:34.071+02:00","checksum":"213925128157"}
_2librisxl
887 _a{"@id":"fsj9h5dzcvmf8dj8","modified":"2020-09-28T16:06:57.284+02:00","checksum":"209552979642"}
_2librisxl
887 _a{"@id":"cp3mpl8j9cp52dkr","modified":"2020-06-17T12:16:29.322+02:00","checksum":"202452522715"}
_2librisxl
887 _a{"@id":"n1q0hgz2l5k5bnkv","modified":"2020-09-10T14:16:22.343+02:00","checksum":"209403082747"}
_2librisxl
887 _a{"@id":"ht7n09pnfd4j2ft3","modified":"2020-06-16T17:16:19.428+02:00","checksum":"209075658425"}
_2librisxl
887 _a{"@id":"r4vpjbcpp5flgr08","modified":"2020-09-15T15:16:21.026+02:00","checksum":"208326186101"}
_2librisxl
887 _a{"@id":"kxmwffdnhfpj1plx","modified":"2020-09-17T12:53:26.178+02:00","checksum":"202329834742"}
_2librisxl
887 _a{"@id":"lx9wb22hjptnj6d0","modified":"2020-06-09T11:16:27.29+02:00","checksum":"214217408379"}
_2librisxl
887 _a{"@id":"lzsvrdpdj6nvr0gl","modified":"2020-10-13T14:16:17.315+02:00","checksum":"198254668045"}
_2librisxl
887 _a{"@id":"v7zxfq91s4kztbxr","modified":"2020-09-16T16:59:19.738+02:00","checksum":"216157593833"}
_2librisxl
887 _a{"@id":"kxngll05hszqbh6r","modified":"2020-09-24T15:44:52.197+02:00","checksum":"212648152016"}
_2librisxl
887 _a{"@id":"2f6rkvj00dkp0s6h","modified":"2020-09-30T11:16:26.405+02:00","checksum":"168696988757"}
_2librisxl
887 _a{"@id":"fsl34r80cbr8hxqh","modified":"2020-10-08T16:16:18.886+02:00","checksum":"203262723447"}
_2librisxl
887 _a{"@id":"q3vrnf62nhzrnzc3","modified":"2020-09-24T16:43:40.521+02:00","checksum":"216272216079"}
_2librisxl
887 _a{"@id":"jwmlkwgvgtd105s2","modified":"2020-09-16T13:16:21.38+02:00","checksum":"201273091057"}
_2librisxl
887 _a{"@id":"8mh2t67m6gfqtlld","modified":"2020-10-26T14:16:31.312+01:00","checksum":"215347981029"}
_2librisxl
887 _a{"@id":"hvpqq3jzfdmcr8jf","modified":"2020-10-13T07:55:33.222+02:00","checksum":"220734889118"}
_2librisxl
887 _a{"@id":"2dtqwvfb0tr68dp7","modified":"2020-06-29T11:16:24.006+02:00","checksum":"168618117269"}
_2librisxl
887 _a{"@id":"s5wfgqgtqdlsd2j1","modified":"2020-09-21T12:13:12.564+02:00","checksum":"206459483608"}
_2librisxl
887 _a{"@id":"9nhnw95b7679tndp","modified":"2020-10-14T13:16:19.308+02:00","checksum":"225505487875"}
_2librisxl
887 _a{"@id":"x92ml5n6vlpw4m45","modified":"2020-09-30T12:16:24.931+02:00","checksum":"210756233634"}
_2librisxl
887 _a{"@id":"n1sdxpqplwdlhxn8","modified":"2020-09-30T16:16:24.712+02:00","checksum":"223476165447"}
_2librisxl
887 _a{"@id":"w802mc17tktr3chq","modified":"2020-09-17T14:16:17.79+02:00","checksum":"207941091614"}
_2librisxl
887 _a{"@id":"m0l8p3spk3r3k0nm","modified":"2020-08-18T14:16:18.446+02:00","checksum":"200834269439"}
_2librisxl
887 _a{"@id":"zb5kcfbfwd9fwg37","modified":"2020-10-16T11:16:24.212+02:00","checksum":"212901294117"}
_2librisxl
887 _a{"@id":"r4z8ss48pq0dp454","modified":"2020-10-15T12:27:03.238+02:00","checksum":"215606659120"}
_2librisxl
942 _2z
_cBOOK
949 1 1 _5R
_a202038
_bUTBILDNING FORSKNING